New methods of crosslinking natural rubber.Pt.II. The introduction of epoxide groups into natural rubber and their subsequent utilisation for crosslinking (Record no. 63853)

MARC details
000 -LEADER
fixed length control field 00418nam a2200121Ia 4500
100 ## - MAIN ENTRY--AUTHOR NAME
Personal name Colclough T
245 #0 - TITLE STATEMENT
Title New methods of crosslinking natural rubber.Pt.II. The introduction of epoxide groups into natural rubber and their subsequent utilisation for crosslinking
260 ## - PUBLICATION, DISTRIBUTION, ETC. (IMPRINT)
Name of publisher IRI Transactions
Year of publication 1962
300 ## - PHYSICAL DESCRIPTION
Number of Pages T11-T15
650 ## - SUBJECT ADDED ENTRY--TOPICAL TERM
Topical Term Crosslinking
942 ## - ADDED ENTRY ELEMENTS (KOHA)
Koha item type Journals
Holdings
Withdrawn status Lost status Damaged status Not for loan Home library Current library Shelving location Date acquired Serial Enumeration / chronology Koha item type
      Journals RRII Library RRII Library Rubber chemistry 17/12/2021 Volume 38, Issue 1 Journals